00697 a2200145 4500003000500000005001700005040000900022082001400031100002600045245004800071260003400119300001000153505036700163650002100530Nust20230406103430.0 cNust a954.1,HUS aHussain, Syed Shabbir aLengthening Shadows /cSyed Shabbir Hussain aPakistanbMujahid Publication a215:p aPrologue (Page-1), Conceived and Won (Page-7), One Party Rule (Page-15), The Death Row (Page-23), Dark Shadows (Page-30), A Flashback (Page-42), Revolution or Restoration (Page-60), Tight rope Walk (Page-74), The Year 1965 (Page-85), After the War (Page-102), The Axe Falls (Page-115), Pandora box (Page-132), The Disowned Leader (Page-168), Epilogue (Page-177). aPakistan History